| 000 | 00774nam a2200229 a 4500 | ||
|---|---|---|---|
| 001 | 000019392 | ||
| 005 | 20200929170014.0 | ||
| 008 | 100628s2002 mx r 000 f spa d | ||
| 020 | _a9688346004 | ||
| 040 |
_aDO-SdBNP _bspa _cBNPHU |
||
| 082 |
_a828.9343 _bR845t |
||
| 100 | 1 |
_aRoth, Joseph, _d1894-1939 _941644 |
|
| 245 | 1 | 3 |
_aEl triunfo de la Belleza : _breportajes sentimentales / _cJoseph Roth ; prólogo y traducción Javier García-Galiano. |
| 260 |
_aVeracruz, México : _bUniversidad Verecruzana, _c2002. |
||
| 300 |
_a123 p. ; _c17 cm. |
||
| 490 | 1 | _aFicción breve | |
| 650 | 4 |
_aCuentos australianos _941645 |
|
| 650 | 4 |
_aLiteratura australiana _911480 |
|
| 700 | 1 |
_aGarcía-Galiano, Javier, _epról. _941646 |
|
| 830 | 0 |
_aFicción breve _941647 |
|
| 049 | _aBNGR | ||
| 999 |
_c18908 _d18908 |
||